Statistics for ULTRAKILL Style Bonuses

Click here to take the quiz!

General Stats

  • This quiz has been taken 17 times
  • The average score is 52 of 91

Answer Stats

HintAnswer% Correct
Punch a heavy/superheavy enemy.DISRESPECT
100%
Kill an enemy with a headshot.HEADSHOT
100%
Parry a shotgun pellet into an enemy.PROJECTILE BOOST
100%
Kill an enemy with an explosion.EXPLODED
91%
Make an enemy kill/hit each other.FRIENDLY FIRE
91%
Perform a parry.PARRY
91%
Ricochet any revolver shot off a coin.RICOSHOT
91%
Collect a Secret.SECRET
91%
Kill a big enemy.BIG KILL
82%
Kill two enemies within half a second.DOUBLE KILL
82%
Enrage an enemy.ENRAGED
82%
Blow up an enemy in the air.FIREWORKS
82%
Kill more than three enemies within half a second.MULTIKILL
82%
Make a Guttertank kill itself by missing a punch.SLIPPED
82%
Kill three enemies within half a second.TRIPLE KILL
82%
Ricochet any non-revolver hitscan into a coin.ULTRARICOSHOT
82%
Launch/Kill an enemy in the air.AIRSHOT
73%
Kill a big enemy with a fist.BIG FISTKILL
73%
Kill an enemy using nails floating betwen two magnets.BIPOLAR
73%
Kill an enemy by punching it's weak point.CRITICAL PUNCH
73%
Parry a coin into an enemy.FISTFUL OF DOLLAR
73%
Kill an enemy with a ground slam.GROUND SLAM
73%
Juggle an enemy using explosives.JUGGLE
73%
Kill an enemy w/o gibbing or hitting a weakpoint.KILL
73%
Kill an enemy by shooting a limb.LIMB HIT
73%
Shoot an enemy immediately after switching to the Revolver or Shotgun.QUICKDRAW
73%
Kill an enemy with a ground slam while in the air.AIR SLAM
64%
Kill a big enemy with a headshot.BIG HEADSHOT
64%
Kill an enemy with the S.R.S cannonball, parry a Virtue Orb,Insurrectionist's Malicious Face, or a Drone into a Maurice.CANNONBALLED
64%
Shock an enemy filled with nails using the Jumpstart or E.Railcannon.CONDUCTOR
64%
Ricochet a revolver shot off a coin with at least one coin countered by V2.COUNTERRICOSHOT
64%
Crush a corpse/enemy with a crusher.CRUSHED
64%
Make a corpse/enemy fall into a void.FALL
64%
Break a Gutterman's shield.GUARD BREAK
64%
Land multiple nonlethal headshots.HEADSHOT COMBO
64%
Shoot a Streetcleaner's tank.INSTAKILL
64%
Crush an enemy with a dead Maurice.MAURICED
64%
Hurt/Kill an enemy using an exploding nailtrap or punched sawblade.NAILBOMBED
64%
Kill an enemy with a parried Cannonball.CANNONBOOST
55%
Deflect a hitscan attack using a coin.CHARGEBACK
55%
Parry the COKM's punch.DOWN TO SIZE
55%
Kill an enemy by parrying a cannonball that has already hit them.DUNKED
55%
Make an enemy burn to death.FRIED
55%
Hit an enemy with a max-speed Jackhammer.FULL IMPACT
55%
Melee an enemy with the Sawed-On Chainsaw.GROOVY
55%
Shoot an enemy's projectile before it explodes.INTERRUPTION
55%
Have a corpse/enemy fall off of the Earthmover in 7-4.LONG WAY DOWN
55%
Kill any enemy via the Earthmover's explosion.M.A.D.
55%
Mince a corpse/enemy with a grinder.MINCED
55%
Make an corpse/enemy fall out of the level.OUT OF BOUNDS
55%
Kill an enemy using a point-blank shotgun/jackhammer shot.OVERKILL
55%
Crush an enemy with a dead Gutterman.PANCAKED
55%
Make a Guttertank/Defense System rocket hit itself.ROCKET RETURN
55%
Kill an enemy with the Screwdriver.SCREWED
55%
Kill an enemy using the red substance in P-2.SCRONGLED
55%
Shred an corpse/enemy via fans/shreddersSHREDDED
55%
Make an enemy die of fall damage.SPLATTERED
55%
Ricochet a non-revolver shot off a coin with at least one coin countered by V2.ULTRACOUNTERRICOSHOT
55%
Kill an enemy using nails orbiting a magnet.ATTRAPTOR
45%
Kill an enemy with a max-speed Jackhammer.BLASTING AWAY
45%
Make a corpse/enemy fall in the 7-2 river.BOILED
45%
Parry a Screwdriver.CORKSCREW BLOW
45%
Kill a burning enemy.FINISHED OFF
45%
Slice an enemy in half w/ the Sawblade launcher.HALF-OFF
45%
Kill a Drone, Virtue, or MDK&O with a punch.HOMERUN
45%
Destroy an Idol.ICONOCLASM
45%
Kill an enemy with the Sawed-On Chainsaw Launch.NO-NO
45%
Parry a chainsaw into an enemy.RE-NO-NO
45%
Have an enemy fall on the train tracks.ROADKILL
45%
Parry a Landmine into an enemy.SERVED
45%
Launch a Mindflayer into an enemy.STRIKE!
45%
Kill an enemy with the chainsaw hit by the Knuckleblaster.UNCHAINEDSAW
45%
Have a magnet kill an enemy filled with nails by flinging them into the ground.CATAPULTED
36%
Crush a corpse using the Black Hole cannon.COMPRESSED
36%
Kill an enemy with a Screwdriver parry (dislodge)GIGA DRILL BREAK
36%
Kill an enemy with a medium-speed Jackhammer.HEAVY HITTER
36%
Parry a Landmine into a Guttertank/Big John.LANDYOURS
36%
Have a corpse/enemy fall into the Forest in 7-3.LOST
36%
Shoot a Cannonball into a falling Insurrectionist.TIME OUT
36%
Have an enemy fall into the Cyber Grind's killzone.ZAPPED
36%
Kill an enemy using more than one weapon.ARSEANL
27%
Kill an enemy with a low-speed Jackhammer.BLUNT FORCE
27%
Kill an enemy using the red tunnel substance in P-2.ENVIROKILL
27%
Crush a corpse/enemy using the 7-2 watchtower.FOR THEE
27%
Kill an enemy using the red substance in the bottom of the P-2 Sanctum.SCRONGBONGLED
27%
Have an enemy fall in the pit in 7-S.TRASHED
27%
Spawn an enemy/corpse in 5-4.why are you even spawning enemies here
27%
Spawn an enemy and kill it using the Black Hole CannonWhy are you even using this weapon
27%
Make a Guttertank/Defense System rocket hit itself by riding it.ROUND TRIP
18%
Crush an enemy with the Minotaur.TRAMPLED
18%
Kill an enemy using the red substance found in the P-2 shortcut.SCRINDONGULODED
9%

Score Distribution

Percentile by Number Answered

Percent of People with Each Score

Your Score History

You have not taken this quiz